000 00493nam a2200181Ia 4500
008 230711s9999||||xx |||||||||||||| ||und||
020 _a978-93-86800-66-4
041 _aENG
082 _a641.3
_bPO-F
100 _aPomeranz,Yeshajahu
245 0 _aFood Analysis Theory & Practice
250 _a4th Ed.
260 _c2020
_aNew Delhi
_bMedtech A Division of Scientific International
300 _a709p.
650 _aFood Science and Technology
700 _aMeloan,Clifton E
942 _cBK
999 _c7485
_d7485